[Event "Campeonato de España Femenino 2007"]
[Site "Socuellamos ESP"]
[Date "2007.10.10"]
[Round "4.3"]
[White "Cucarella Montell, Angels"]
[Black "Clopes Llahi, Judit"]
[Result "0-1"]
[WhiteElo "1953"]
[BlackElo "2038"]
[PlyCount "70"]
[EventDate "2007.10.08"]
[EventType "swiss"]
[EventRounds "7"]
[EventCountry "ESP"]
[Source "lmi"]
[SourceDate "2007.10.08"]

1. e4 c6 2. d4 d5 3. e5 Bf5 4. Nf3 e6 5. Be2 Nd7 6. O-O Ne7 7. Nh4 Bg6 8. Nd2
c5 9. c3 Nc6 10. Nxg6 hxg6 11. Nf3 Be7 12. Be3 O-O 13. Bd3 Rb8 14. Rc1 b5 15.
Qd2 c4 16. Bb1 b4 17. Bg5 Rb7 18. h4 bxc3 19. Qxc3 Qb6 20. b3 Ba3 21. Rcd1 cxb3
22. axb3 Na5 23. Bc2 Rc7 24. Qd2 Rfc8 25. Bd3 Rc3 26. Qf4 Nxb3 27. Qg4 Bc1 28.
Be7 Bh6 29. h5 Nc1 30. Rxc1 Rxc1 31. Rxc1 Rxc1+ 32. Kh2 Rc3 33. Ne1 gxh5 34.
Qxh5 Qxd4 35. Qf3 Nxe5 0-1

[Event "Campeonato de España Femenino 2007"]
[Site "Socuellamos ESP"]
[Date "2007.10.10"]
[Round "4.5"]
[White "Calzetta Ruiz, Monica"]
[Black "Salido Polo, Veronica"]
[Result "1-0"]
[WhiteElo "2287"]
[BlackElo "1747"]
[PlyCount "87"]
[EventDate "2007.10.08"]
[EventType "swiss"]
[EventRounds "7"]
[EventCountry "ESP"]
[Source "lmi"]
[SourceDate "2007.10.08"]

1. e4 c5 2. Nc3 Nc6 3. g3 g6 4. Bg2 Bg7 5. d3 e6 6. Be3 d6 7. Qd2 Nd4 8. Nd1
Qc7 9. c3 Nc6 10. f4 Nge7 11. Nf3 b5 12. O-O O-O 13. g4 Bb7 14. f5 exf5 15.
gxf5 a5 16. Bh6 f6 17. Bxg7 Kxg7 18. fxg6 hxg6 19. Ne3 b4 20. Rf2 a4 21. a3 Na5
22. Ng4 Ng8 23. Qf4 Nb3 24. Raf1 bxa3 25. bxa3 Ba6 26. c4 Qe7 27. Ne3 Bb7 28.
Qg3 Kh7 29. Nh4 Qg7 30. Bh3 Nd4 31. Rg2 Ne7 32. Qxd6 Bc8 33. Bxc8 Raxc8 34.
Nhf5 Nexf5 35. Nxf5 Nxf5 36. exf5 g5 37. Rf3 Qf7 38. Rh3+ Kg8 39. Rh6 Qe8 40.
Rg6+ Kh8 41. Qg3 Rf7 42. h4 gxh4 43. Rh6+ Rh7 44. Qg7# 1-0

[Event "Campeonato de España Femenino 2007"]
[Site "Socuellamos ESP"]
[Date "2007.10.10"]
[Round "4.6"]
[White "Penas Hernandez, Yolanda"]
[Black "Fidalgo Garcia, Sandra"]
[Result "1-0"]
[WhiteElo "2046"]
[BlackElo "2000"]
[PlyCount "55"]
[EventDate "2007.10.08"]
[EventType "swiss"]
[EventRounds "7"]
[EventCountry "ESP"]
[Source "lmi"]
[SourceDate "2007.10.08"]

1. e4 e6 2. d4 d5 3. Nc3 Nf6 4. Bg5 Bb4 5. e5 h6 6. Bd2 Nfd7 7. Qg4 Bf8 8.
O-O-O a6 9. f4 c5 10. dxc5 Nxc5 11. Nf3 Nc6 12. h4 Bd7 13. h5 Qc7 14. Be1 O-O-O
15. Bh4 Re8 16. Kb1 Kb8 17. Bf2 Qa5 18. Bxc5 Qxc5 19. Nxd5 Rd8 20. Nc3 Qb6 21.
Nd2 Bb4 22. Nc4 Qc5 23. Ne4 Qf8 24. Ned6 Na5 25. a3 Nxc4 26. Bxc4 Bc5 27. Rd3
Bc6 28. Rhd1 1-0

[Event "Campeonato de España Femenino 2007"]
[Site "Socuellamos ESP"]
[Date "2007.10.10"]
[Round "4.8"]
[White "Gonzalez Berruga, Ana Isabel"]
[Black "Boix Pons, Catalina"]
[Result "1/2-1/2"]
[WhiteElo "2001"]
[BlackElo "2004"]
[PlyCount "87"]
[EventDate "2007.10.08"]
[EventType "swiss"]
[EventRounds "7"]
[EventCountry "ESP"]
[Source "lmi"]
[SourceDate "2007.10.08"]

1. d4 d5 2. c4 c6 3. Nc3 Nf6 4. Nf3 e6 5. e3 a6 6. Qc2 Nbd7 7. Bd2 Bd6 8. Bd3
dxc4 9. Bxc4 b5 10. Bd3 O-O 11. Ne4 Qe7 12. Nxd6 Qxd6 13. b4 Bb7 14. O-O h6 15.
a3 Nd5 16. e4 N5b6 17. e5 Qe7 18. Bf4 c5 19. dxc5 Bxf3 20. gxf3 Nd5 21. Bg3 Qg5
22. h4 Qe7 23. f4 f6 24. Rae1 Rac8 25. exf6 Qxf6 26. f5 exf5 27. Qb3 Qf7 28.
Bb1 f4 29. Ba2 N7f6 30. Bh2 Qh5 31. Bxf4 Qxh4 32. Bg3 Qg4 33. Qd3 Rfd8 34. Re5
Kh8 35. Bxd5 h5 36. Kh1 Qh3+ 37. Kg1 h4 38. Qf3 hxg3 39. fxg3 Rxd5 40. Rxd5
Nxd5 41. Qxd5 Qxg3+ 42. Qg2 Qe3+ 43. Kh2 Rd8 44. Qh3+ 1/2-1/2

[Event "Campeonato de España Femenino 2007"]
[Site "Socuellamos ESP"]
[Date "2007.10.10"]
[Round "4.10"]
[White "Rodriguez Lorenzo, Yadira"]
[Black "Suarez Sanchez, Esperanza"]
[Result "1-0"]
[WhiteElo "1905"]
[BlackElo "1957"]
[PlyCount "115"]
[EventDate "2007.10.08"]
[EventType "swiss"]
[EventRounds "7"]
[EventCountry "ESP"]
[Source "lmi"]
[SourceDate "2007.10.08"]

1. e4 c5 2. Nf3 Nc6 3. d4 cxd4 4. Nxd4 d6 5. Nc3 Nf6 6. Be2 e5 7. Nb3 Be7 8.
O-O a6 9. Be3 Be6 10. f4 exf4 11. Rxf4 O-O 12. Nd5 Bxd5 13. exd5 Ne5 14. c4
Nfd7 15. Rf1 Rc8 16. Rc1 b6 17. Nd4 g6 18. b4 a5 19. a3 axb4 20. axb4 Ra8 21.
Nc6 Nxc6 22. dxc6 Ne5 23. Bf3 Ra3 24. Bh6 Re8 25. Ra1 Rd3 26. Qa4 Nxf3+ 27.
Rxf3 Rxf3 28. gxf3 Bf6 29. Ra2 Bd4+ 30. Kg2 f5 31. Qb5 Qf6 32. c7 Qe6 33. Qc6
Rc8 34. Bf4 Be5 35. Bxe5 Qxe5 36. Qd7 Qe8 37. Qxd6 Qf8 38. Qxf8+ Kxf8 39. Ra7
Ke7 40. Rb7 Kd7 41. Rxb6 Rxc7 42. c5 Ra7 43. b5 Ra2+ 44. Kg3 f4+ 45. Kxf4 Rxh2
46. Rb7+ Kc8 47. c6 Rb2 48. b6 h6 49. Ke5 h5 50. Kd6 Rd2+ 51. Ke7 Re2+ 52. Kf6
Rc2 53. Rc7+ Kd8 54. Kxg6 h4 55. Kg5 h3 56. Rd7+ Kc8 57. b7+ Kb8 58. Rd8+ 1-0

[Event "Campeonato de España Femenino 2007"]
[Site "Socuellamos ESP"]
[Date "2007.10.11"]
[Round "5.1"]
[White "Clopes Llahi, Judit"]
[Black "Ares Campo, Iria"]
[Result "1-0"]
[WhiteElo "2038"]
[BlackElo "1960"]
[PlyCount "89"]
[EventDate "2007.10.08"]
[EventType "swiss"]
[EventRounds "7"]
[EventCountry "ESP"]
[Source "lmi"]
[SourceDate "2007.10.08"]

1. e4 d5 2. exd5 Nf6 3. Bb5+ Bd7 4. Bc4 Bg4 5. f3 Bf5 6. Nc3 Nbd7 7. Nge2 Nb6
8. Bb3 Nbxd5 9. Nxd5 Nxd5 10. Ng3 Bc8 11. d4 e6 12. O-O Be7 13. c4 Nf6 14. Be3
O-O 15. Qe2 b6 16. Qf2 Bb7 17. Rfd1 c6 18. a4 Bb4 19. Ne2 Qe7 20. Nf4 Bd6 21.
Nd3 Nd7 22. Re1 Qf6 23. a5 Qg6 24. Bc2 Qh5 25. Nf4 Qh6 26. Nh3 Qh5 27. a6 Bc8
28. Be4 Nb8 29. c5 Bc7 30. cxb6 Bxb6 31. Ng5 f5 32. g4 Qg6 33. Bd3 Qf6 34. gxf5
h6 35. Nh3 exf5 36. Kh1 g5 37. Rg1 Kf7 38. Bc4+ Be6 39. Bxg5 Qxd4 40. Bxe6+
Kxe6 41. Qe2+ Qe5 42. Nf4+ Kd6 43. Rad1+ Bd4 44. Rxd4+ Qxd4 45. Qe7# 1-0

[Event "Campeonato de España Femenino 2007"]
[Site "Socuellamos ESP"]
[Date "2007.10.11"]
[Round "5.2"]
[White "Garcia Vicente, Nieves"]
[Black "Calzetta Ruiz, Monica"]
[Result "1/2-1/2"]
[WhiteElo "2199"]
[BlackElo "2287"]
[PlyCount "30"]
[EventDate "2007.10.08"]
[EventType "swiss"]
[EventRounds "7"]
[EventCountry "ESP"]
[Source "lmi"]
[SourceDate "2007.10.08"]

1. d4 Nf6 2. Nf3 g6 3. e3 Bg7 4. Be2 O-O 5. c4 d6 6. Nc3 c6 7. O-O a6 8. a3 b5
9. b4 a5 10. Bd2 bxc4 11. Bxc4 Nbd7 12. Qe2 Nb6 13. Bd3 axb4 14. axb4 Bd7 15.
h3 Qc7 1/2-1/2

[Event "Campeonato de España Femenino 2007"]
[Site "Socuellamos ESP"]
[Date "2007.10.11"]
[Round "5.3"]
[White "Vega Gutierrez, Belinda Vidina"]
[Black "Gutierrez Castillo, Paloma"]
[Result "1/2-1/2"]
[WhiteElo "2085"]
[BlackElo "2141"]
[PlyCount "66"]
[EventDate "2007.10.08"]
[EventType "swiss"]
[EventRounds "7"]
[EventCountry "ESP"]
[Source "lmi"]
[SourceDate "2007.10.08"]

1. e4 e5 2. Nf3 Nc6 3. Bb5 Nf6 4. O-O Nxe4 5. d4 Nd6 6. Bxc6 dxc6 7. dxe5 Nf5
8. Qxd8+ Kxd8 9. Nc3 h6 10. h3 Ne7 11. Rd1+ Ke8 12. Nd4 Ng6 13. f4 Bc5 14. Be3
Bxd4 15. Rxd4 h5 16. Ne4 b6 17. c4 Be6 18. b3 a5 19. a4 Rd8 20. Rxd8+ Kxd8 21.
c5 Bd5 22. cxb6 Kc8 23. Nc3 Bxb3 24. b7+ Kb8 25. Ne4 Rd8 26. Nc5 Rd1+ 27. Rxd1
Bxd1 28. Bd2 Bc2 29. Kf2 Nf8 30. g4 hxg4 31. hxg4 g6 32. Bxa5 Ne6 33. Nxe6 fxe6
1/2-1/2

[Event "Campeonato de España Femenino 2007"]
[Site "Socuellamos ESP"]
[Date "2007.10.11"]
[Round "5.4"]
[White "Alcaraz Soriano, Angela"]
[Black "Cucarella Montell, Angels"]
[Result "0-1"]
[WhiteElo "1997"]
[BlackElo "1953"]
[PlyCount "98"]
[EventDate "2007.10.08"]
[EventType "swiss"]
[EventRounds "7"]
[EventCountry "ESP"]
[Source "lmi"]
[SourceDate "2007.10.08"]

1. d4 f5 2. Nc3 Nf6 3. Bg5 d5 4. Bxf6 exf6 5. e3 Be6 6. Bd3 Nc6 7. a3 Qd7 8.
Qf3 O-O-O 9. Nge2 Ne7 10. Ng3 g6 11. h4 h5 12. Qe2 Kb8 13. b4 Nc8 14. b5 Re8
15. O-O Bd6 16. f4 Qh7 17. Qf3 Ne7 18. Nce2 Ref8 19. Nh1 Rhg8 20. Neg3 g5 21.
hxg5 h4 22. g6 Rxg6 23. Ne2 Rfg8 24. Rf2 Bf7 25. Kf1 Rg4 26. Qh3 Qg7 27. Ng1
Rh8 28. Ne2 Rg3 29. Nhxg3 hxg3 30. Qxh8+ Qxh8 31. Nxg3 Qh4 32. Ne2 Bh5 33. Ng1
Qg3 34. Nf3 Qg7 35. Ke2 Qg6 36. a4 Ng8 37. Kd2 Nh6 38. Rh1 Ng4 39. Nh4 Qe8 40.
Re2 Nh6 41. Ree1 Bg4 42. g3 Qf8 43. Rh2 Bb4+ 44. c3 Bxc3+ 45. Kxc3 Qa3+ 46. Kd2
Qb2+ 47. Bc2 Qb4+ 48. Kd3 Qxe1 49. Ng2 Be2# 0-1

[Event "Campeonato de España Femenino 2007"]
[Site "Socuellamos ESP"]
[Date "2007.10.11"]
[Round "5.6"]
[White "Boix Pons, Catalina"]
[Black "Penas Hernandez, Yolanda"]
[Result "0-1"]
[WhiteElo "2004"]
[BlackElo "2046"]
[PlyCount "64"]
[EventDate "2007.10.08"]
[EventType "swiss"]
[EventRounds "7"]
[EventCountry "ESP"]
[Source "lmi"]
[SourceDate "2007.10.08"]

1. d4 f5 2. g3 Nf6 3. Bg2 g6 4. c4 Bg7 5. Nc3 O-O 6. e3 d6 7. Nf3 c6 8. O-O Qe8
9. Qb3 Kh8 10. d5 Na6 11. Nd4 Nc5 12. Qc2 Bd7 13. b4 Na6 14. dxc6 bxc6 15. Ba3
Rc8 16. c5 e5 17. Nxc6 Bxc6 18. Bxc6 Qxc6 19. b5 Qf3 20. bxa6 dxc5 21. Rab1 Rc6
22. Rb5 Rfc8 23. Rfb1 e4 24. Rb8 Ng4 25. Nd5 Be5 26. Bb2 Rxb8 27. Bxe5+ Nxe5
28. Rxb8+ Kg7 29. Rb7+ Kh6 30. Rxa7 Rd6 31. Qb3 Nd3 32. Qc2 Ne1 0-1

[Event "Campeonato de España Femenino 2007"]
[Site "Socuellamos ESP"]
[Date "2007.10.11"]
[Round "5.7"]
[White "Salido Polo, Veronica"]
[Black "Gonzalez Berruga, Ana Isabel"]
[Result "1-0"]
[WhiteElo "1747"]
[BlackElo "2001"]
[PlyCount "79"]
[EventDate "2007.10.08"]
[EventType "swiss"]
[EventRounds "7"]
[EventCountry "ESP"]
[Source "lmi"]
[SourceDate "2007.10.08"]

1. e4 c5 2. Nf3 d6 3. d4 cxd4 4. Nxd4 Nf6 5. Nc3 g6 6. Be3 Bg7 7. f3 O-O 8. Bc4
Nc6 9. Bb3 Bd7 10. Qd2 Qa5 11. O-O-O Rfc8 12. Kb1 Ne5 13. Bh6 Rc5 14. Bxg7 Kxg7
15. h4 h5 16. g4 b5 17. gxh5 Nxh5 18. f4 Nc4 19. Qf2 Nxb2 20. Kxb2 Qxc3+ 21.
Kb1 Qg3 22. Qd2 Qc3 23. Qf2 Nf6 24. Qg2 Rh8 25. f5 Rh6 26. Qg5 Re5 27. Bxf7
Nxe4 28. Qf4 Qb4+ 29. Bb3 Bxf5 30. Rhg1 e6 31. Ka1 a5 32. Nf3 Rc5 33. Nd4 Qc3+
34. Kb1 a4 35. Bxe6 a3 36. Qc1 Qb4+ 37. Ka1 Kf6 38. Bxf5 gxf5 39. Qxh6+ Ke5 40.
Nf3# 1-0

[Event "Campeonato de España Femenino 2007"]
[Site "Socuellamos ESP"]
[Date "2007.10.11"]
[Round "5.9"]
[White "Torrecillas Muelas, Maria C"]
[Black "Rodriguez Lorenzo, Yadira"]
[Result "1/2-1/2"]
[WhiteElo "1707"]
[BlackElo "1905"]
[PlyCount "66"]
[EventDate "2007.10.08"]
[EventType "swiss"]
[EventRounds "7"]
[EventCountry "ESP"]
[Source "lmi"]
[SourceDate "2007.10.08"]

1. c4 e5 2. g3 Nc6 3. Bg2 f5 4. Nc3 Nf6 5. d3 Bc5 6. e3 O-O 7. Nge2 Qe8 8. O-O
a6 9. a3 Be7 10. b4 Bd8 11. Bb2 Ne7 12. Qb3 Qh5 13. h3 d6 14. c5+ Kh8 15. cxd6
cxd6 16. f4 Qg6 17. b5 h5 18. Qb4 Nd7 19. Nd5 Nc5 20. Qc4 axb5 21. Nxe7 Bxe7
22. Qxb5 Bd7 23. Qb4 Nxd3 24. Qxb7 Rfb8 25. Qxd7 Rxb2 26. Qxe7 Rxe2 27. Qh4 Rb8
28. Rab1 Reb2 29. Rxb2 Rxb2 30. fxe5 Nxe5 31. e4 Rb3 32. exf5 Qxg3 33. Qxh5+
Kg8 1/2-1/2

[Event "Campeonato de España Femenino 2007"]
[Site "Socuellamos ESP"]
[Date "2007.10.11"]
[Round "6.1"]
[White "Calzetta Ruiz, Monica"]
[Black "Clopes Llahi, Judit"]
[Result "1-0"]
[WhiteElo "2287"]
[BlackElo "2038"]
[PlyCount "97"]
[EventDate "2007.10.08"]
[EventType "swiss"]
[EventRounds "7"]
[EventCountry "ESP"]
[Source "lmi"]
[SourceDate "2007.10.08"]

1. e4 c6 2. d4 d5 3. Nd2 dxe4 4. Nxe4 Nd7 5. Ng5 Ngf6 6. Bd3 e6 7. N1f3 Bd6 8.
Qe2 h6 9. Ne4 Nxe4 10. Qxe4 Nf6 11. Qe2 Qc7 12. O-O O-O 13. Ne5 c5 14. c3 cxd4
15. cxd4 Rd8 16. Bf4 Qe7 17. Rfe1 Bb4 18. Red1 Ba5 19. Nc4 Bc7 20. Be5 b5 21.
Ne3 a6 22. Bxf6 Qxf6 23. Ng4 Qg5 24. Rac1 Bb6 25. Be4 Rb8 26. Ne5 Bd7 27. Rc3
Be8 28. Rg3 Qe7 29. Qe3 Kh8 30. Bc2 Rbc8 31. Bb3 Rd6 32. Nf3 Rcd8 33. h3 Qf6
34. Rg4 Qe7 35. Re1 Qa7 36. Rh4 Bxd4 37. Nxd4 Rxd4 38. Bc2 Kg8 39. Rxh6 gxh6
40. Qxh6 f5 41. Re3 R4d7 42. Qxe6+ Bf7 43. Rg3+ Kf8 44. Qh6+ Ke8 45. Re3+ Qxe3
46. Qxe3+ Re7 47. Qh6 Bxa2 48. Qxa6 Bc4 49. Qg6+ 1-0

[Event "Campeonato de España Femenino 2007"]
[Site "Socuellamos ESP"]
[Date "2007.10.11"]
[Round "6.2"]
[White "Vega Gutierrez, Belinda Vidina"]
[Black "Garcia Vicente, Nieves"]
[Result "1/2-1/2"]
[WhiteElo "2085"]
[BlackElo "2199"]
[PlyCount "117"]
[EventDate "2007.10.08"]
[EventType "swiss"]
[EventRounds "7"]
[EventCountry "ESP"]
[Source "lmi"]
[SourceDate "2007.10.08"]

1. e4 e5 2. Nf3 Nc6 3. Bb5 g6 4. O-O Bg7 5. c3 a6 6. Ba4 d6 7. d3 Nge7 8. Ne1
O-O 9. f4 Kh8 10. Nf3 exf4 11. Bxf4 d5 12. Nbd2 dxe4 13. dxe4 h6 14. Qe1 b5 15.
Bc2 Ng8 16. Rd1 Qe7 17. Qg3 Ra7 18. Be3 Rb7 19. Nb3 Rd8 20. Bc5 Qe8 21. Rxd8
Qxd8 22. Nbd4 Qe8 23. Bb3 Nxd4 24. Nxd4 c6 25. Qf4 Nf6 26. Bxf7 Qxe4 27. Qxe4
Nxe4 28. Be6 Nxc5 29. Bxc8 Rc7 30. Ne6 Rxc8 31. Nxc5 a5 32. Rd1 b4 33. cxb4
axb4 34. b3 Ra8 35. Na4 Be5 36. Rc1 Bd4+ 37. Kf1 c5 38. Ke2 Re8+ 39. Kd3 Re5
40. Kc4 Re2 41. Nxc5 Bxc5 42. Kxc5 Rxg2 43. Kxb4 Rxa2 44. h4 Kg7 45. Kc5 Rb2
46. b4 Kf6 47. b5 g5 48. hxg5+ hxg5 49. b6 g4 50. Kc6 Kf5 51. Rc5+ Ke4 52. b7
Rxb7 53. Kxb7 g3 54. Rc3 Kf4 55. Kc6 g2 56. Rc1 Kf3 57. Kd5 Kf2 58. Rc2+ Kf3
59. Rxg2 1/2-1/2

[Event "Campeonato de España Femenino 2007"]
[Site "Socuellamos ESP"]
[Date "2007.10.11"]
[Round "6.3"]
[White "Gutierrez Castillo, Paloma"]
[Black "Ares Campo, Iria"]
[Result "1/2-1/2"]
[WhiteElo "2141"]
[BlackElo "1960"]
[PlyCount "44"]
[EventDate "2007.10.08"]
[EventType "swiss"]
[EventRounds "7"]
[EventCountry "ESP"]
[Source "lmi"]
[SourceDate "2007.10.08"]

1. e4 d6 2. d4 Nf6 3. Nc3 e5 4. dxe5 dxe5 5. Qxd8+ Kxd8 6. Bc4 Ke8 7. Nf3 Bb4
8. Nxe5 Nxe4 9. O-O Nxc3 10. bxc3 Bxc3 11. Nxf7 b5 12. Bd5 c6 13. Bb3 Rf8 14.
Ba3 b4 15. Rae1+ Kd7 16. Rd1+ Kc7 17. Bc1 Ba6 18. Bf4+ Kb6 19. Be3+ Kc7 20.
Bf4+ Kb6 21. Be3+ Kc7 22. Bf4+ Kb6 1/2-1/2

[Event "Campeonato de España Femenino 2007"]
[Site "Socuellamos ESP"]
[Date "2007.10.11"]
[Round "6.4"]
[White "Penas Hernandez, Yolanda"]
[Black "Sanjuan Morigosa, Isaura"]
[Result "1-0"]
[WhiteElo "2046"]
[BlackElo "2009"]
[PlyCount "59"]
[EventDate "2007.10.08"]
[EventType "swiss"]
[EventRounds "7"]
[EventCountry "ESP"]
[Source "lmi"]
[SourceDate "2007.10.08"]

1. e4 c6 2. d4 g6 3. Nc3 Bg7 4. Be3 d5 5. exd5 cxd5 6. Qd2 Nc6 7. O-O-O a6 8.
h4 h5 9. Nf3 Bg4 10. Kb1 Nh6 11. Be2 Bxf3 12. Bxf3 e6 13. Rhe1 Nf5 14. Bg5 Nce7
15. g4 hxg4 16. Bxg4 Nxh4 17. Qd3 Qd6 18. Bxe7 Kxe7 19. Re2 Ng2 20. Bxe6 Kd8
21. Bxf7 Nf4 22. Qg3 Kd7 23. Qg4+ Kc6 24. Re3 Rad8 25. Nxd5 Bxd4 26. Nxf4 Qb4
27. Qf3+ Kb6 28. Rb3 Qxb3 29. axb3 Ka7 30. Ne6 1-0

[Event "Campeonato de España Femenino 2007"]
[Site "Socuellamos ESP"]
[Date "2007.10.11"]
[Round "6.6"]
[White "Salido Polo, Veronica"]
[Black "Alcaraz Soriano, Angela"]
[Result "0-1"]
[WhiteElo "1747"]
[BlackElo "1997"]
[PlyCount "84"]
[EventDate "2007.10.08"]
[EventType "swiss"]
[EventRounds "7"]
[EventCountry "ESP"]
[Source "lmi"]
[SourceDate "2007.10.08"]

1. e4 c5 2. Nf3 d6 3. d4 Nf6 4. Nc3 cxd4 5. Nxd4 a6 6. Be3 e5 7. Nb3 Be6 8. f3
Nbd7 9. g4 Nc5 10. Qd2 b5 11. O-O-O Be7 12. h4 Rc8 13. Kb1 O-O 14. h5 b4 15.
Ne2 a5 16. g5 Nfxe4 17. fxe4 Nxe4 18. Qe1 a4 19. Nbc1 Qc7 20. Rd2 Bf5 21. Nd3
d5 22. Ng3 Nxd2+ 23. Qxd2 Bxd3 24. cxd3 d4 25. Bh3 dxe3 26. Qxe3 Qc2+ 27. Ka1
a3 28. Rb1 axb2+ 29. Rxb2 Qc1+ 30. Qxc1 Rxc1+ 31. Rb1 Rxb1+ 32. Kxb1 Bxg5 33.
Ne4 Be7 34. Kc2 Ra8 35. Kb2 g6 36. Bg2 Ra3 37. hxg6 hxg6 38. Nf2 Bc5 39. Ne4
Bd4+ 40. Kc1 Rxa2 41. Bf3 b3 42. Kb1 Ra1# 0-1

[Event "Campeonato de España Femenino 2007"]
[Site "Socuellamos ESP"]
[Date "2007.10.12"]
[Round "7.1"]
[White "Gutierrez Castillo, Paloma"]
[Black "Calzetta Ruiz, Monica"]
[Result "1/2-1/2"]
[WhiteElo "2141"]
[BlackElo "2287"]
[PlyCount "112"]
[EventDate "2007.10.08"]
[EventType "swiss"]
[EventRounds "7"]
[EventCountry "ESP"]
[Source "lmi"]
[SourceDate "2007.10.08"]

1. e4 c5 2. Nf3 Nc6 3. d4 cxd4 4. Nxd4 g6 5. c4 Nf6 6. Nc3 d6 7. Be2 Nxd4 8.
Qxd4 Bg7 9. Be3 O-O 10. Qd2 a5 11. f3 a4 12. Rc1 Qa5 13. O-O Bd7 14. c5 Rfd8
15. cxd6 Be6 16. Nd5 Nxd5 17. Qxa5 Rxa5 18. exd5 Rxd5 19. dxe7 Re8 20. Rfd1
Bxb2 21. Rc7 Ba3 22. Bg5 Kg7 23. Rxd5 Bxd5 24. Bb5 Bc6 25. Bxc6 bxc6 26. Rxc6
Bxe7 27. Bxe7 Rxe7 28. Ra6 Re2 29. Rxa4 h5 30. h4 Rc2 31. Kh2 Rd2 32. a3 Ra2
33. Ra6 Kf8 34. Kh3 Rf2 35. a4 Ra2 36. g4 hxg4+ 37. Kxg4 Ra1 38. Kg5 Kg7 39.
Ra7 Rf1 40. Kf4 Rh1 41. Kg3 Rg1+ 42. Kh2 Ra1 43. Kg2 Kf6 44. Ra5 Ke6 45. Kg3 f6
46. Kf4 Rh1 47. Ra6+ Kf7 48. Kg3 Rg1+ 49. Kh2 Ra1 50. a5 Ra4 51. Kg3 Ke7 52.
Kh3 Kf7 53. Kg3 Ke7 54. Ra8 Ke6 55. a6 Kf5 56. Ra7 Ra2 1/2-1/2

[Event "Campeonato de España Femenino 2007"]
[Site "Socuellamos ESP"]
[Date "2007.10.12"]
[Round "7.2"]
[White "Garcia Vicente, Nieves"]
[Black "Penas Hernandez, Yolanda"]
[Result "1-0"]
[WhiteElo "2199"]
[BlackElo "2046"]
[PlyCount "53"]
[EventDate "2007.10.08"]
[EventType "swiss"]
[EventRounds "7"]
[EventCountry "ESP"]
[Source "lmi"]
[SourceDate "2007.10.08"]

1. d4 f5 2. Nc3 Nf6 3. Bg5 d5 4. Bxf6 exf6 5. e3 Bd6 6. Nxd5 c6 7. Nf4 Bxf4 8.
exf4 Be6 9. Nf3 Qb6 10. b3 Nd7 11. Be2 O-O-O 12. Qd2 a5 13. c4 Rhe8 14. O-O h6
15. Rac1 Kb8 16. Rb1 c5 17. d5 Nf8 18. Bd3 Bc8 19. Rfe1 g5 20. Rxe8 Rxe8 21.
Re1 Rd8 22. h4 g4 23. Nh2 Qc7 24. g3 Ng6 25. Bf1 Rg8 26. Bg2 b6 27. d6 1-0

[Event "Campeonato de España Femenino 2007"]
[Site "Socuellamos ESP"]
[Date "2007.10.12"]
[Round "7.3"]
[White "Clopes Llahi, Judit"]
[Black "Vega Gutierrez, Belinda Vidina"]
[Result "1/2-1/2"]
[WhiteElo "2038"]
[BlackElo "2085"]
[PlyCount "49"]
[EventDate "2007.10.08"]
[EventType "swiss"]
[EventRounds "7"]
[EventCountry "ESP"]
[Source "lmi"]
[SourceDate "2007.10.08"]

1. e4 e5 2. Nf3 Nc6 3. d4 exd4 4. Nxd4 Qh4 5. Nc3 Bb4 6. Be2 Nf6 7. O-O Bxc3 8.
bxc3 Nxd4 9. cxd4 Nxe4 10. Bd3 d5 11. c4 O-O 12. cxd5 Nc3 13. Qf3 Bg4 14. Bxh7+
Qxh7 15. Qxc3 Qh5 16. Qxc7 Qxd5 17. Qe5 Rad8 18. Be3 Rfe8 19. Qxd5 Rxd5 20.
Rfc1 Rc8 21. Rc5 Be6 22. a3 b6 23. Rxc8+ Bxc8 24. Rc1 Be6 25. h3 1/2-1/2

[Event "Campeonato de España Femenino 2007"]
[Site "Socuellamos ESP"]
[Date "2007.10.12"]
[Round "7.4"]
[White "Ares Campo, Iria"]
[Black "Cucarella Montell, Angels"]
[Result "1-0"]
[WhiteElo "1960"]
[BlackElo "1953"]
[PlyCount "45"]
[EventDate "2007.10.08"]
[EventType "swiss"]
[EventRounds "7"]
[EventCountry "ESP"]
[Source "lmi"]
[SourceDate "2007.10.08"]

1. e4 c5 2. d3 Nc6 3. g3 g6 4. Bg2 Bg7 5. f4 d6 6. Nf3 e5 7. c3 exf4 8. Bxf4
Nge7 9. O-O O-O 10. Qd2 Ne5 11. Bh6 Bg4 12. Bxg7 Kxg7 13. Nxe5 dxe5 14. Qg5 f5
15. Qe3 Qd6 16. exf5 Nxf5 17. Qe4 Nh6 18. Qxb7+ Kh8 19. Nd2 Qxd3 20. Qe7 Qe3+
21. Kh1 Nf5 22. Nc4 Qh6 23. Qxe5+ 1-0

[Event "Campeonato de España Femenino 2007"]
[Site "Socuellamos ESP"]
[Date "2007.10.12"]
[Round "7.6"]
[White "Sanjuan Morigosa, Isaura"]
[Black "Gonzalez Berruga, Ana Isabel"]
[Result "0-1"]
[WhiteElo "2009"]
[BlackElo "2001"]
[PlyCount "125"]
[EventDate "2007.10.08"]
[EventType "swiss"]
[EventRounds "7"]
[EventCountry "ESP"]
[Source "lmi"]
[SourceDate "2007.10.08"]

1. d4 d5 2. c4 c6 3. Nc3 Nf6 4. Nf3 e6 5. g3 Nbd7 6. Bg2 Bd6 7. O-O O-O 8. Re1
dxc4 9. e4 e5 10. Bg5 h6 11. dxe5 Nxe5 12. Nxe5 Bxe5 13. Be3 Qa5 14. Qc2 Ng4
15. Bd2 Bd4 16. Nd1 Qh5 17. h3 Ne5 18. g4 Bxg4 19. hxg4 Qxg4 20. Kf1 b5 21. Ne3
Qh4 22. Re2 Bb6 23. Bc3 Nd3 24. Nf5 Qg5 25. Bd2 Qg4 26. f3 Qh5 27. Qc3 f6 28.
b3 Qh2 29. Be3 Nf4 30. Rd2 Rad8 31. Bxb6 axb6 32. Ne3 Nh3 33. Ke2 Ng1+ 34. Kd1
Nxf3 35. Bxf3 Qg1+ 36. Kc2 Rxd2+ 37. Kxd2 Qf2+ 38. Kc1 Qxf3 39. Kb2 Rd8 40.
bxc4 Qe2+ 41. Nc2 Rd3 42. Qe1 Qh2 43. cxb5 Qe5+ 44. Kc1 Qxb5 45. Rb1 Qc5 46.
Qb4 Qg5+ 47. Kb2 Qe5+ 48. Kc1 b5 49. a4 bxa4 50. Qc4+ Rd5 51. Rb6 Qf4+ 52. Kb2
Kh7 53. Rxc6 Rd1 54. Rc7 Qc1+ 55. Ka2 Qb1+ 56. Ka3 Qb3+ 57. Qxb3 axb3 58. Kxb3
h5 59. Re7 h4 60. e5 h3 61. exf6 h2 62. Rxg7+ Kh8 63. Rg1 0-1

[Event "Campeonato de España Femenino 2007"]
[Site "Socuellamos ESP"]
[Date "2007.10.12"]
[Round "7.8"]
[White "Boix Pons, Catalina"]
[Black "Torrecillas Muelas, Maria C"]
[Result "1-0"]
[WhiteElo "2004"]
[BlackElo "1707"]
[PlyCount "67"]
[EventDate "2007.10.08"]
[EventType "swiss"]
[EventRounds "7"]
[EventCountry "ESP"]
[Source "lmi"]
[SourceDate "2007.10.08"]

1. d4 d5 2. c4 c6 3. a4 e6 4. e3 Nf6 5. Nf3 Nbd7 6. Nc3 Bd6 7. Be2 O-O 8. O-O
dxc4 9. Bxc4 e5 10. Qc2 exd4 11. exd4 Qc7 12. Bg5 Bf4 13. Bh4 h6 14. Rfe1 Nb6
15. Bxf6 Nxc4 16. Bh4 Be6 17. Rad1 Nb6 18. Ne5 Qc8 19. Qe4 Bxe5 20. dxe5 Nd5
21. Ne2 Qc7 22. Rd3 Rfe8 23. Nd4 Qa5 24. Nb3 Qb6 25. Nd4 Qa5 26. Nxe6 Rxe6 27.
f4 Rae8 28. Bg3 Nf6 29. Qc4 Nh5 30. Bf2 Qc7 31. Red1 Qa5 32. g4 Nf6 33. exf6
Rxf6 34. Rd7 1-0